| 000 | 00363nam a2200145Ia 4500 | ||
|---|---|---|---|
| 008 | 150201s2010 xx 000 0 und d | ||
| 082 |
_a616.0757 _bO2010S |
||
| 100 | _aSCULLY,C.S | ||
| 245 | _aORAL & MAXILLOFACIAL MEDICINE | ||
| 250 | _a2ND | ||
| 260 |
_bCHURCHILL LIVINGSTONE _aEDINBURGH _c2010 |
||
| 300 | _a1-392 | ||
| 650 | _aORAL MEDICINE | ||
| 942 |
_2ddc _cBK |
||
| 999 |
_c4712 _d4712 |
||